=LDR 00000nam 2200000 4500 =001 INLIS000000000023506 =005 20130612122150 =008 ***********************************ind** =035 ##$$0010-061300000023506 =041 ##$$a ind =082 ##$$a 350 =090 ##$$a 350, NDR m =100 ##$$a Ndraha, Taliziduhu =245 ##$$a Metodologi ilmu pemerintahan, Taliziduhu Ndraha =260 ##$$a 1997 $b Jakarta =300 ##$$a xvi, 191 hlm., ilus., 21 cm =650 ##$$a Ilmu Pemerintahan =850 ##$$a NBPNMAT =990 ##$$a 25172517